000 00560nam a2200217Ia 4500
005 20240229105708.0
008 131103s9999 xx 000 0 und d
040 _aLoreto College
041 _aEnglish
082 _a371
_bCAT
100 _aCatty, Nancy
245 2 _aA First Book on Teaching,
_cNancy Catty
250 _a6th ed. rev.
260 _aLondon
_bMethuen & Co.
_c1950
300 _axvi,191 p.
504 _aReprinted 1955
650 _aSchools and their activities
651 _aTeachers and teaching
850 _aLCLIB
942 _cBK
999 _c9129
_d59608